Statistics for Sacred languages

Click here to take the quiz!

General Stats

  • This quiz has been taken 54 times
  • The average score is 12 of 22

Answer Stats

ReligionSacred tongue% Correct
ChristianityEcclesiastical Latin
91%
HinduismSanskrit
91%
Sanskrit
91%
Chinese
89%
Hebrew
89%
JudaismBiblical Hebrew
77%
Aramaic
73%
SikhSant Bhasha
59%
Church Slavonic
52%
Classical Tibetan
50%
Coptic Egyptian
50%
IslamClassical Arabic
48%
Classical Armenian
45%
Syriac
45%
ConfucianismClassical Chinese
41%
DaoismClassical Chinese
41%
Koine Greek
41%
Old Georgian
39%
ZoroastrianismAvestan
36%
ShintoEarly Middle Japanese
32%
BuddhismPali
32%
Ge'ez
30%

Score Distribution

Percentile by Number Answered

Percent of People with Each Score

Your Score History

You have not taken this quiz